<?xml version="1.0" encoding="UTF-8"?>
<record
    xmlns:xsi="http://www.w3.org/2001/XMLSchema-instance"
    xsi:schemaLocation="http://www.loc.gov/MARC21/slim http://www.loc.gov/standards/marcxml/schema/MARC21slim.xsd"
    xmlns="http://www.loc.gov/MARC21/slim">

  <leader>00870nam a22002177a 4500</leader>
  <datafield tag="999" ind1=" " ind2=" ">
    <subfield code="c">4138</subfield>
    <subfield code="d">4138</subfield>
  </datafield>
  <controlfield tag="003">AR-CdUCM</controlfield>
  <controlfield tag="008">190308b           ||||| |||| 00| 0 spa d</controlfield>
  <datafield tag="020" ind1=" " ind2=" ">
    <subfield code="a">9972-33-346-9</subfield>
  </datafield>
  <datafield tag="040" ind1=" " ind2=" ">
    <subfield code="a">MUNICIPALIDAD PROVINCIAL DEL CUSCO</subfield>
    <subfield code="c">BIBLIOTECA MUNICIPAL DEL CUSCO</subfield>
  </datafield>
  <datafield tag="082" ind1=" " ind2=" ">
    <subfield code="a">709.856 /</subfield>
    <subfield code="b">AY93</subfield>
  </datafield>
  <datafield tag="100" ind1=" " ind2=" ">
    <subfield code="a">Ayarza, Leonarda</subfield>
  </datafield>
  <datafield tag="245" ind1=" " ind2=" ">
    <subfield code="a">La pl&#xE1;stica ancestral del Cusco y su valoraci&#xF3;n iconol&#xF3;gica en el contexto cultural / </subfield>
  </datafield>
  <datafield tag="260" ind1=" " ind2=" ">
    <subfield code="a">Cusco :</subfield>
    <subfield code="b">Talleres gr&#xE1;ficos de gr&#xE1;fica S&amp;C,</subfield>
    <subfield code="c">2006.</subfield>
  </datafield>
  <datafield tag="300" ind1=" " ind2=" ">
    <subfield code="a">134 p&#xE1;ginas ;</subfield>
    <subfield code="b">Im&#xE1;genes.</subfield>
    <subfield code="c">20.5 cm.</subfield>
  </datafield>
  <datafield tag="505" ind1=" " ind2=" ">
    <subfield code="a">Contenido: La pl&#xE1;stica ancestral -- La pl&#xE1;stica ancestral del Cusco -- Modelo: An&#xE1;lisis iconol&#xF3;gico de la obra "la cosmogon&#xED;a andina".</subfield>
  </datafield>
  <datafield tag="650" ind1=" " ind2=" ">
    <subfield code="a">Arte peruano</subfield>
    <subfield code="9">5992</subfield>
  </datafield>
  <datafield tag="650" ind1=" " ind2=" ">
    <subfield code="a">Simbolismo en el arte</subfield>
    <subfield code="9">7066</subfield>
  </datafield>
  <datafield tag="650" ind1=" " ind2=" ">
    <subfield code="a">Valoraci&#xF3;n iconol&#xF3;gica</subfield>
    <subfield code="9">13107</subfield>
  </datafield>
  <datafield tag="942" ind1=" " ind2=" ">
    <subfield code="2">ddc</subfield>
    <subfield code="c">LIBROS</subfield>
  </datafield>
  <datafield tag="945" ind1=" " ind2=" ">
    <subfield code="a">afb</subfield>
  </datafield>
  <datafield tag="952" ind1=" " ind2=" ">
    <subfield code="0">0</subfield>
    <subfield code="2">ddc</subfield>
    <subfield code="4">0</subfield>
    <subfield code="7">0</subfield>
    <subfield code="a">SA</subfield>
    <subfield code="b">SA</subfield>
    <subfield code="c">CART</subfield>
    <subfield code="d">2019-03-08</subfield>
    <subfield code="g">23.00</subfield>
    <subfield code="o">709.856 / AY93</subfield>
    <subfield code="p">SA0000000181</subfield>
    <subfield code="r">2019-03-08</subfield>
    <subfield code="y">LIBROS</subfield>
  </datafield>
  <datafield tag="952" ind1=" " ind2=" ">
    <subfield code="0">0</subfield>
    <subfield code="2">ddc</subfield>
    <subfield code="4">0</subfield>
    <subfield code="7">0</subfield>
    <subfield code="a">SA</subfield>
    <subfield code="b">SA</subfield>
    <subfield code="c">CART</subfield>
    <subfield code="d">2019-03-08</subfield>
    <subfield code="g">23.00</subfield>
    <subfield code="o">709.856 / AY93 / e.2</subfield>
    <subfield code="p">SA0000000182</subfield>
    <subfield code="r">2019-03-08</subfield>
    <subfield code="t">2ej.</subfield>
    <subfield code="y">LIBROS</subfield>
  </datafield>
</record>
